000
00210 a2200097 4500
001
35075
100
_a
Asma Jahangir
245
_a
Hudood Ordinances
260
_a
Lahore
_b
Rohtas Book
_c
090
_c
23223
_d
23223
942
_a
NUST-CAE
_c
M
_c
14696
999
_c
270148
_d
270148